Statistics for Most Expensive Footballers Per Country: Europe Part 4

Click here to take the quiz!

General Stats

  • This quiz has been taken 43 times
  • The average score is 12 of 26

Answer Stats

CountrySeasonFromToPlayerTransfer Fee% Correct
Sweden2009/10InternazionaleFC BarcelonaZlatan Ibrahimovic € 69.500.000,00
97%
Czech Republic2015/16ChelseaArsenalPetr Cech € 14.000.000,00
94%
Denmark2013/14AFC AjaxTottenham HotspurChristian Eriksen € 13.500.000,00
88%
Czech Republic2001/02Lazio RomaJuventusPavel Nedved € 41.200.000,00
88%
Serbia2013/14SL BenficaChelseaNemanja Matic € 25.000.000,00
76%
Romania2003/04ParmaChelseaAdrian Mutu € 19.000.000,00
74%
Greece2013/14Werder BremenBorussia DortmundSokratis € 9.900.000,00
71%
Greece2014/15OlympiacosAS RomaKonstantinos Manolas € 13.000.000,00
62%
Serbia2014/15SL BenficaLiverpoolLazar Markovic € 25.000.000,00
56%
Serbia2010/11Lazio RomaManchester CityAleksandar Kolarov € 22.700.000,00
53%
Czech Republic2000/01Sparta PragueBorussia DortmundTomás Rosicky € 14.500.000,00
53%
Greece2013/14OlympiacosFulhamKonstantinos Mitroglu € 15.200.000,00
50%
Romania2013/14Steaua BucharestTottenham HotspurVlad Chiriches € 9.500.000,00
50%
Denmark2016/17Bayern MunichSouthamptonPierre-Emile Höjbjerg € 15.000.000,00
44%
Albania2015/16EmpoliSSC NapoliElseid Hysaj € 5.000.000,00
41%
Romania2003/04AFC AjaxAS RomaCristian Chivu € 18.000.000,00
38%
Albania2009/10MarseilleSunderlandLorik Cana € 5.800.000,00
35%
Greece2014/15OlympiacosSL BenficaAndreas Samaris € 10.000.000,00
29%
Denmark2016/17Werder BremenBorussia MönchengladbachJannik Vestergaard € 12.500.000,00
26%
Serbia2017/18TorinoSSC NapoliNikola Maksimovic € 20.000.000,00
21%
Serbia2000/01Real ZaragozaParmaSavo Milosevic € 25.000.000,00
21%
Denmark2010/11US PalermoVfL WolfsburgSimon Kjaer € 12.000.000,00
21%
Denmark2000/01AFC AjaxChelseaJesper Grönkjaer € 11.850.000,00
18%
Greece2005/06FC PortoDynamo MoscowGeorgios Seitaridis € 10.000.000,00
9%
Albania2006/07SienaChievo VeronaErjon Bogdani € 3.000.000,00
6%
Czech Republic2004/05CSKA MoscowChelseaJirí Jarosík € 12.000.000,00
3%

Score Distribution

Percentile by Number Answered

Percent of People with Each Score

Your Score History

You have not taken this quiz